The definitive guide to DAX ... (Record no. 43324)
[ view plain ]
| 000 -LEADER | |
|---|---|
| fixed length control field | 00704nam a22002177a 4500 |
| 005 - DATE AND TIME OF LATEST TRANSACTION | |
| control field | 20250211152745.0 |
| 008 - FIXED-LENGTH DATA ELEMENTS--GENERAL INFORMATION | |
| fixed length control field | 250211b |||||||| |||| 00| 0 eng d |
| 020 ## - INTERNATIONAL STANDARD BOOK NUMBER | |
| International Standard Book Number | 9789353945480 |
| 041 ## - LANGUAGE CODE | |
| Language code of text/sound track or separate title | English |
| 082 ## - DEWEY DECIMAL CLASSIFICATION NUMBER | |
| Classification number | 005.756 RUS |
| Item number | 33619 |
| 100 ## - MAIN ENTRY--PERSONAL NAME | |
| Author | Marco Russo |
| 245 ## - TITLE STATEMENT | |
| Title | The definitive guide to DAX ... |
| Remainder of title | business intelligence with Microsoft Excel, SQL Server analysis services and Exel |
| 250 ## - EDITION STATEMENT | |
| Edition statement | 2nd |
| 260 ## - PUBLICATION, DISTRIBUTION, ETC. | |
| Place | New Dehli |
| Publisher | Pearson India Ltd. |
| Publication Year | 2020 |
| 300 ## - PHYSICAL DESCRIPTION | |
| Extent | xxvi, 557 pages : illustrations ; 23 cm |
| 365 ## - TRADE PRICE | |
| Price amount | 1199 |
| Currency code | Rs |
| 520 ## - SUMMARY, ETC. | |
| Summary, etc. | Books |
| 650 ## - SUBJECT ADDED ENTRY--TOPICAL TERM | |
| Subject | DAX (Computer programming language) Business intelligence--Computer programs |
| 700 ## - ADDED ENTRY--PERSONAL NAME | |
| Co-Author | Alberto Ferrai |
| 942 ## - ADDED ENTRY ELEMENTS (KOHA) | |
| Koha item type | Books |
| Withdrawn status | Lost status | Source of classification or shelving scheme | Damaged status | Not for loan | Home library | Current library | Shelving location | Accession Date | Vendor | Price | Bill number | Total Checkouts | Full call number | Barcode No | Date last seen | Date last checked out | Bill Date | Koha item type |
|---|---|---|---|---|---|---|---|---|---|---|---|---|---|---|---|---|---|---|
| Library of Congress Classification | IMTN | IMTN | Rack 3-B | 02/11/2025 | Amazon | 1199.00 | NAG1-656568 | 1 | 005.756 RUS | 33619 | 10/09/2025 | 02/11/2025 | Books |